000 00520nam a2200181 4500
003 LK-CoDNM
005 20231220102732.0
008 231220b |||||||| |||| 00| 0 eng d
020 _a9786249870895
040 _aLK-CoDNM
_dLK-CoDNM
_eLK-CoDNM
041 _asin
080 _aX8C31
_bප්‍රදීප්
100 _aප්‍රදීප්, උඩත්තව රවීන්ද්‍ර
245 _aහීන
260 _aRuwanwella
_bNethroo Publiction
_c2022
300 _a208p.,21cm
942 _n0
_cBK
999 _c144202
_d144202